|
|
|
|
| LEADER |
00000nam a2200000 a 4500 |
| 001 |
vtls008773636 |
| 003 |
SK-MaSNL |
| 005 |
20260301205606.0 |
| 008 |
251031s2006 xo g 000 0 slo |
| 015 |
|
|
|a SNBA2006/07-03717
|
| 020 |
|
|
|a 8096863851
|q (viaz.)
|
| 035 |
|
|
|a D8A180C5-90EC-43EC-85E7-A1F5B8A42B72
|
| 035 |
|
|
|a urn:nbn:sk:snk-aml83n
|
| 035 |
|
|
|a urn:nbn:sk:snk-am008syd
|
| 040 |
|
|
|a SNK
|b slo
|c SNK
|e AACR2
|
| 041 |
1 |
|
|a slo
|h eng
|
| 044 |
|
|
|a xo
|c SK
|
| 072 |
|
7 |
|a 27-1/-2
|x Kresťanská teológia. Dogmatická teológia
|2 konspekt
|
| 080 |
|
|
|a 27-185.57
|2 2001
|
| 080 |
|
|
|a 27-584
|2 2001
|
| 080 |
|
|
|a 272.1/-9
|2 2001
|
| 080 |
|
|
|a 27
|2 2001
|
| 080 |
|
|
|a (0:82-4)
|2 2001
|
| 100 |
1 |
|
|a Hahn, Scott,
|d 1957-
|4 aut
|9 88126
|
| 240 |
1 |
0 |
|a Lord, have mercy
|l Slovensky
|
| 245 |
1 |
0 |
|a Bože, buď milostivý
|c Scott Hahn ; [z anglického originálu preložila Terézia Turoňová]
|
| 250 |
|
|
|a 1. vyd.
|
| 260 |
|
|
|a Bratislava
|b Redemptoristi - Slovo medzi nami
|c 2006
|
| 300 |
|
|
|a 155 s.
|c 21 cm
|
| 650 |
0 |
7 |
|a zmierenie
|x kresťanské chápanie
|2 SNKPH
|9 591925
|
| 650 |
0 |
7 |
|a duchovný život
|2 SNKPH
|9 1807
|
| 650 |
0 |
7 |
|a učenie katolíckej cirkvi
|2 SNKPH
|9 64342
|
| 655 |
|
7 |
|a úvahy
|2 SNKPH
|9 29403
|
| 700 |
1 |
|
|a Turoňová, Terézia
|4 trl
|9 591926
|
| 919 |
|
|
|a 80-968638-5-1
|
| 958 |
|
|
|a OND
|
| 968 |
|
|
|b ENG
|d 2
|
| 999 |
|
|
|c 910693
|d 912623
|
| 952 |
|
|
|a SNK
|b SNK
|y PREZ
|7 0
|p 17A0513741
|o snkSC 123977
|i snk2006/12141
|8 0
|0 0
|1 0
|4 0
|d 2006-06-15
|f 1
|l 0
|r 2025-06-05 00:00:00
|w 2026-02-24
|
| 952 |
|
|
|a SNK
|b SNK
|y VYP
|7 0
|p 17A0513742
|o snkSC 123977 D1
|i snk2006/12142
|8 0
|0 0
|1 0
|4 0
|d 2006-06-15
|l 0
|r 2026-02-24 07:42:19
|w 2026-02-24
|